| 000 | 00516nam a2200121Ia 4500 | ||
|---|---|---|---|
| 008 | 171212s9999 xx 000 0 und d | ||
| 020 | _a9780833082602 | ||
| 100 | _aFlorez, Karen R.;Shih, Regina A.;Martin, Margret T. | ||
| 245 |
_cFlorez, Karen R.;Shih, Regina A.;Martin, Margret T. _aNutritional Fitness and Resilience _bA Review of Relevant Constructs, Measures, and Links to Well-Being |
||
| 260 |
_bRAND Corporation _c2014 |
||
| 650 | _aHealth Sciences | ||
| 856 | _uhttp://www.jstor.org/stable/10.7249/j.ctt14bs2x5 | ||
| 999 |
_c352372 _d352372 |
||